| 000 | 00521nam a2200145Ia 4500 | ||
|---|---|---|---|
| 008 | 100122s9999 xx 000 0 und d | ||
| 082 |
_b41324 _a623.19 |
||
| 100 | _aघाणेकर प्र के | ||
| 245 | _aजलदुर्गाच्या सहवासात | ||
| 260 |
_bस्नेहल प्रकाशन _c1987 |
||
| 300 | _a179 | ||
| 630 | _aजलदुर्गाच्या सहवासात | ||
| 730 | _aजलदुर्गाच्या सहवासात | ||
| 942 | _cBOOK | ||
| 999 |
_c421982 _d421979 |
||